Çağa iz bırakan müslüman önderler (Record no. 5000)

MARC details
000 -BAŞLIK
Sabit Uzunlukta Kontrol Alanı 01018na a2200325 4500
001 - KONTROL NUMARASI
Denetim Alanı 15006
003 - KONTROL NUMARASI IDENTIFIER
Denetim Alanı MIRAKIL
005 - SON İŞLEM TARİHİ VE ZAMANI
Denetim Alanı 20181213155024.0
008 - SABİT-BOY VERİ ELEMANLARI - GENEL BİLGİLER
Sabit Uzunlukta Kontrol Alanı 161020b tu 000 0
020 ## - ULUSLARARASI STANDART KİTAP NUMARASI
Uluslararası Standart Kitap Numarası 9789757105589
035 ## - SİSTEM KONTROL NUMARASI
Sistem Kontrol Numarası 15006
040 ## - KATALOGLAMA KAYNAK
Orijinal Kataloglama Ajansı Milas
Kataloglama Dili tur
Metne Dönüştürmek Ajansı TR-AnCHP
041 ## - DİL KODU
Metin / Ses Parça Veya Ayrı Başlığın Dil Kodu tur
082 ## - DEWEY ONLU SINIFLANDIRMA NUMARASI
Sınıflandırma Numarası 922.97 Ömer M.
Ürün Numarası A66ç 2005
090 ## - SINIFLAMA NUMARASI
Sınıflama Numarası 922.97 Ömer M. A66ç 2005
100 ## - ANA GİRİŞ - KİŞİSEL İSİM
Kişisel Ad Arpaçukuru, Osman
245 ## - BAŞLIK TABLOSU
Başlık Çağa iz bırakan müslüman önderler
Başlığın Kalan Ömer Muhtar
Sorumluluk Tablosu, Vb Burhan Bozgeyik
246 ## - UNVAN FORM VARYING
Başlık Doğru / Kısa Başlığı Ömer Muhtar
260 ## - YAYIN, DAĞITIM, VB
Yayın, Dağıtım, Vb Yeri İstanbul
Yayıncı, Dağıtıcı, Vs Adı İlke Yayıncılık
Yayın, Dağıtım, Vb Tarihi 2005
300 ## - FİZİKSEL TANIM
Kapsam 173 s.
Boyutlar 19 sm.
490 ## - SERİSİ TABLOSU
Seri Beyanı Çağa iz bırakan müslüman önderler
Hacim / Ardışık Tanımı 6
490 ## - SERİSİ TABLOSU
Seri Beyanı İlke Yayıncılık
Hacim / Ardışık Tanımı 73
500 ## - GENEL NOT
Genel Not Özgün yapıt adı: Ömer Muhtar
504 ## - KAYNAKÇA VB NOT
Kaynakça Vb Notu Kaynakça var.
600 ## - KONU KATMA GİRİŞ - KURUMSAL ADI
Kişisel Ad Ömer Muhtar
Bir Adıyla İlişkilendirilen Tarihler 1862 - 1931
Genel Alt Bölümü Direniş
600 ## - KONU KATMA GİRİŞ - KURUMSAL ADI
Kişisel Ad Ömer Muhtar
Bir Adıyla İlişkilendirilen Tarihler 1862 - 1931
Genel Alt Bölümü Yaşamöyküsü
650 ## - KONU KATMA GİRİŞ - TOPİKAL DÖNEM
Topikal Süreli Veya Coğrafi Ad Giriş Elemanı Siyasal İslam
Genel Alt Bölümü Önderler
650 ## - KONU KATMA GİRİŞ - TOPİKAL DÖNEM
Topikal Süreli Veya Coğrafi Ad Giriş Elemanı Müslüman önderler
Genel Alt Bölümü Yaşamöyküsü
942 ## - EKLENDİ GİRİŞ ELEMANLARI (KOHA)
Sınıflandırma Veya Raf Düzeni Kaynak Dewey Decimal Classification
Koha Öğesi Türü Books
999 ## - SİSTEM KONTROL NUMARALARI (KOHA)
Koha Biblionumber 5000
Koha Biblioitemnumber 5000
Holdings
Kalıcı Konum Mevcut Konum Edinme Tarihi Edinim Kaynak Toplam Check-Out'Lar Tam Çağrı Numarası Barkod Tarih Son Görülme İtibaren Geçerli Fiyatlar Koha Öğesi Türü
CHP Kütüphanesi CHP Kütüphanesi 09/02/2016 Bağış   922.97 Ömer M. A66ç 2005 003224 09/02/2016 09/02/2016 Books